Business / (Record no. 2897)

MARC details
000 -LEADER
fixed length control field 00612nam a2200205 ar4500
001 - CONTROL NUMBER
control field 2899
005 - DATE AND TIME OF LATEST TRANSACTION
control field 20221127090622.0
008 - FIXED-LENGTH DATA ELEMENTS--GENERAL INFORMATION
fixed length control field 120811s xxu a 00010 eng d
020 ## - INTERNATIONAL STANDARD BOOK NUMBER
International Standard Book Number 0131008943(pbk) :
Terms of availability SR No price.
082 04 - DEWEY DECIMAL CLASSIFICATION NUMBER
Classification number 658
Item number G875 2004
100 1# - MAIN ENTRY--PERSONAL NAME
Personal name Griffin, Ricky W.
245 10 - TITLE STATEMENT
Title Business /
Statement of responsibility, etc. R. Griffin, Ronald Ebert.
250 ## - EDITION STATEMENT
Edition statement 7th ed.
260 ## - PUBLICATION, DISTRIBUTION, ETC.
Place of publication, distribution, etc. Upper Saddle River, NJ :
Name of publisher, distributor, etc. Pearson/Prentice Hall,
Date of publication, distribution, etc. 2004.
300 ## - PHYSICAL DESCRIPTION
Extent 1 v.(various pagings) ;
Dimensions 28 cm.
500 ## - GENERAL NOTE
General note Test book.
650 #4 - SUBJECT ADDED ENTRY--TOPICAL TERM
Topical term or geographic name entry element Industrial management.
650 #4 - SUBJECT ADDED ENTRY--TOPICAL TERM
Topical term or geographic name entry element Business enterprises.
700 0# - ADDED ENTRY--PERSONAL NAME
Personal name Ebert, Ronald J.,
Relator term jt. auth.
Holdings
Withdrawn status Lost status Source of classification or shelving scheme Damaged status Not for loan Home library Current library Date acquired Total Checkouts Full call number Barcode Date last seen Copy number Price effective from Koha item type
          CENTRAL CENTRAL 11/27/2022   658 G875 2004 1000000007200 11/27/2022 C1 11/27/2022 Book